Bối cảnh mới - Ngôi trường mới - Nhà quản lý giáo dục mới

Giới thiệu khái quát bối cảnh mới của kinh tế thế giới. Trình bày về nhiệm vụ, mô hình phát triển, thời cơ và thách thức đối với trường học trong thời đại mới. Phác thảo những yêu cầu và nhiệm vụ mới, cung cấp kỹ năng và công cụ t...

全面介绍

Đã lưu trong:
书目详细资料
主要作者: Tô, Xuân Dân
其他作者: Nguyễn, Hữu Tri
格式: 图书
语言:Undetermined
出版: H. Đại học Quốc gia Hà Nội 2011
主题:
在线阅读:http://lrc.tdmu.edu.vn/opac/search/detail.asp?aID=2&ID=16201
标签: 添加标签
没有标签, 成为第一个标记此记录!
Thư viện lưu trữ: Trung tâm Học liệu Trường Đại học Thủ Dầu Một
LEADER 01278nam a2200217Ia 4500
001 TDMU_16201
008 210410s9999 xx 000 0 und d
082 |a 371.2 
090 |b T450 
100 |a Tô, Xuân Dân 
245 0 |a Bối cảnh mới - Ngôi trường mới - Nhà quản lý giáo dục mới 
245 0 |c Tô Xuân Dân (c. b.), Nguyễn Hữu Tri, Đỗ Trọng Hùng [và nh. ng. khác] 
260 |a H. 
260 |b Đại học Quốc gia Hà Nội 
260 |c 2011 
300 |a 694 tr. 
520 |a Giới thiệu khái quát bối cảnh mới của kinh tế thế giới. Trình bày về nhiệm vụ, mô hình phát triển, thời cơ và thách thức đối với trường học trong thời đại mới. Phác thảo những yêu cầu và nhiệm vụ mới, cung cấp kỹ năng và công cụ thiết yếu với nhà quản lý giáo dục các trường phổ thông. 
650 |a Quản lý giáo dục; Giáo dục  |z Việt Nam 
700 |a Nguyễn, Hữu Tri 
856 |u http://lrc.tdmu.edu.vn/opac/search/detail.asp?aID=2&ID=16201 
980 |a Trung tâm Học liệu Trường Đại học Thủ Dầu Một